00818nam a2200205 a 450000100100000000500170001000800410002704000130006808200160008110000320009724500810012926000350021030000280024550000420027350400410031504900090035695201130036595201190047899900150059700000756120200929154220.0090909s2004 xxua 000 0 spa d aDO-SdBNP axxxxbB639e1 aBlanchard, Teódulo92098613aLa energía nuclear :bantecedentes y consecuencias /cTeódulo Blanchard. aNew York :bCompuPhoto,c2004. a155 p. :bil. ;c21 cm. aIncluye notas al pie de las páginas aIncluye bibliografías (p. 153-154) aBNPD 001050718MOaGRbGRcCTd2009-09-09iLF1l0oxxxx B639ep7561-10r2020-06-25w2020-06-25y1ZNo se presta 001050718MOaGRbGRcCTd2009-12-11iLF1l0oxxxx B639ep7561-20r2020-06-25te. 2w2020-06-25y1ZNo se presta c7342d7342